000 00650cam a2200217 4500500
005 20260329001430.0
041 _afre
042 _adc
100 1 0 _aJollien, Alexandre
_eauthor
700 1 0 _aCampan, Bernard
_eauthor
245 0 0 _aAlexandre Jollien, Bernard Campan. Leçon de joie
260 _c2007.
500 _a77
690 _aActeur
690 _aAlexandre Jollien
690 _aBernard Campan
690 _aCinéma
690 _aCorps
786 0 _nPhilosophie magazine | 9 | 5 | 2007-05-01 | p. 1-2 | 1951-1787
856 4 1 _uhttps://shs.cairn.info/magazine-philosophie-magazine-2007-5-page-1?lang=fr&redirect-ssocas=7080
999 _c1805341
_d1805341